The Role of Taxation in Moving Towards Sustainable Green Growth

Tento výskumný dokument odráža logiku daní ako nástroja na zníženie externalít. Predpokladalo sa, že po zavedení novej dane sa transakčné náklady nezvýšia nad rámec výnosu dane. Dá sa konštatovať, že Európska únia by od členských štátov a ich pôvodcov negatívnych externalít vybrala určitý balík pros...

Ausführliche Beschreibung

Gespeichert in:
Bibliographische Detailangaben
1. Verfasser: Válek, Juraj, 1981-
Weitere Verfasser: Rimeš, Michal, 1996-, Kušnírová, Jana, 1977-
Format: Buchkapitel
Sprache:Englisch
Schlagworte:
Tags: Tag hinzufügen
Keine Tags, Fügen Sie das erste Tag hinzu!

MARC

LEADER 00000naa$a2200000$$$4500
001 0298145
005 20250203120524.2
041 0 |a eng 
044 |a SK 
245 1 0 |a The Role of Taxation in Moving Towards Sustainable Green Growth  |c Juraj Válek, Michal Rimeš, Jana Kušnírová 
520 |a Tento výskumný dokument odráža logiku daní ako nástroja na zníženie externalít. Predpokladalo sa, že po zavedení novej dane sa transakčné náklady nezvýšia nad rámec výnosu dane. Dá sa konštatovať, že Európska únia by od členských štátov a ich pôvodcov negatívnych externalít vybrala určitý balík prostriedkov, avšak transakčné náklady by prevýšili tieto príjmy, čo by prinieslo neželaný efekt do záverečnej fázy. Zavedenie environmentálnych daní by za určitých okolností narušilo konkurencieschopnosť výrobcov elektriny z príslušných zdrojov. 
610 2 0 |a zdaňovanie 
610 2 0 |a dane ekologické 
610 2 0 |a elektrina 
610 2 0 |a udržateľnosť 
610 2 0 |a zdroje prírodné 
100 1 |a Válek, Juraj, 1981- 
700 1 |a Rimeš, Michal, 1996- 
700 1 |a Kušnírová, Jana, 1977-